Eslabon educativo /
Guardado en:
| Autor Principal: | |
|---|---|
| Formato: | Libro |
| Publicado: |
Córdoba :
T.a.p.as,
1981
|
| Series: | Colección; No. 3
|
| Materias: | |
| Etiquetas: |
Agregar Etiqueta
Sin Etiquetas, Sea el primero en etiquetar este registro!
|
| LEADER | 01386nam a22002415a 4500 | ||
|---|---|---|---|
| 001 | CEM.cems012332 | ||
| 005 | 20061020141341.0 | ||
| 008 | 130507s1981##################000#0#####d | ||
| 003 | CEMS | ||
| 082 | 0 | 4 | |a 372.05 |
| 100 | 1 | |a Danieli de Arias, Elsa María | |
| 245 | 1 | 0 | |a Eslabon educativo / |c Elsa María Danieli de Arias ; noemí B. Scandolo de O´shea |
| 260 | |a Córdoba : |b T.a.p.as, |c 1981 | ||
| 300 | |a 108 p. | ||
| 490 | 0 | |a Colección; No. 3 | |
| 500 | |a Para padres y maestros de Jardines maternales, jardines de infantes y escuelas de Enseñanza Especial | ||
| 505 | 0 | |a Planeamiento -- Plan anual a nivel del jardín de infantes -- Plan anual a nivel de sección de 3 años -- Plan anual a nivel de sección de 4 años -- Plan anual a nivel de sección de 5 años -- Educación musical -- Esquema de Plan Anual -- Educación física -- Plan Anual -- Expresión corporal en el niño preescolar - Plan Anual -- Reflexiones psicopedagógicas -- Reflexiones acerca del período de adaptación -- Lenguaje y pedagogía -- Etapas del desarrollo del lenguaje infantil -- Literatura -- La literatura y la expresión creadora | |
| 653 | |a Nivel inicial | ||
| 653 | |a Educación | ||
| 653 | |a Jardines maternales | ||
| 653 | |a Planificación anual | ||
| 859 | |a CEMS |b BIB. CEMS - 11 de abril |h 372.05 |i Es47-3 |p 11051.82 |t Ej.1 | ||
| 859 | |a CEMS |b BIB. CEMS - 11 de abril |h 372.05 |i Es47-3 |p 9547.81 |t Ej.2 | ||
